• 首页
  • 本馆介绍
  • 公告通知
  • 最新文献
  • 馆藏检索
  • 电子资源
  • 读者导购
  • 参考咨询
  • 我的图书馆
  • 登录
  • 详细信息显示
  • 放入我的书架
  • 预约/预借图书
  • 作者相关作品
  • 分类相关作品
  • 丛书相关作品
  • 出版社相关作品

书目信息

  • 表格格式
  • 工作单格式
  • 卡片格式
题名:
综合活动课程的理念建构与操作策略
    
 
作者: 吴涛 , 肖成全 主编
分册:  
出版信息: 成都   四川大学出版社  2003
页数: 295页
开本: 21cm
丛书名:
单 册:
中图分类: G423.07
科图分类:
主题词: 基础教育--活动课程--教学研究
电子资源:
ISBN: 7-5614-2596-1
000 00921nam0 2200253 450
001 05002436352
005 20050927102532.28
010    @a7-5614-2596-1@dCNY15.00
100    @a20050114d2003 ekmy0chiy0120 ea
101 0  @achi
102    @aCN@b510000
105    @ay az 000yy
200 1  @a综合活动课程的理念建构与操作策略@9zong he shi jian huo dong ke cheng li nian jian gou yu cao zuo ce lve@f肖成全,吴涛主编@Fxiao cheng quan,wu tao zhu bian
210    @a成都@c四川大学出版社@d2003
215    @a295页@d21cm
320    @a有书目
330    @a该书分理念建构篇和操作策略篇两部分。分别讲述了综合实践活动的组织实施及其评价的原则和基本要求、综合实践活动的组织形式和学习方式等九章内容。
606 0  @a基础教育@x活动课程@x教学研究
690    @aG423.07@v4
701  0 @a吴涛@Awu tao@4主编
701  0 @a肖成全@Axiao cheng quan@4主编
801  0 @aCN@bTSSF@c20050927
905    @a10447@dG423.07@e106
999    @aHSJ
    
    综合活动课程的理念建构与操作策略/肖成全,吴涛主编.-成都:四川大学出版社,2003
    295页;21cm
    
    
    ISBN 7-5614-2596-1:CNY15.00
    该书分理念建构篇和操作策略篇两部分。分别讲述了综合实践活动的组织实施及其评价的原则和基本要求、综合实践活动的组织形式和学习方式等九章内容。
●
相关链接 在E读中查询图书 在五车中查询图书 在当当中查询图书 在豆瓣中查询图书


正题名:综合活动课程的理念建构与操作策略     索取号:G423.07/106         预约/预借

序号 登录号 条形码 馆藏地/架位号 状态 备注
1 0363209   3632091   第一样本阅览室/ [索取号:G423.07/106] 在馆    
2 0363210   3632108   第四借阅区/ [索取号:G423.07/106] 在馆    
3 0363211   3632117   密集书库/ [索取号:G423.07/106] 在馆    
4 0363212   3632126   第四借阅区/ [索取号:G423.07/106] 在馆    
5 0363213   3632135   密集书库/ [索取号:G423.07/106] 在馆    
6 0363214   3632144   密集书库/ [索取号:G423.07/106] 在馆    
7 0363215   3632153   第四借阅区/ [索取号:G423.07/106] 在馆    
8 0363216   3632162   第四借阅区/ [索取号:G423.07/106] 在馆    
唐山师范学院图书馆 欢迎您!
大连网信软件有限公司© 版权所有